000 00494nam a2200181Ia 4500
003 GCL
008 140319s9999 xx 000 0 eng d
040 _aGCL /
_cGCL
082 0 4 _a947.084
_bL T
100 1 _aLYNCH, MICHAEL
245 1 0 _aTROTSKY: THE PERMANENT REVOLUTIONARY /
_cLYNCH, MICHAEL
260 _a[S.N] :
_bHODDER AND STOUGHTON ،
_c1995
300 _a113 P
650 0 4 _aEASTERN EUROPE UNION OF SOVIET
650 0 4 _aTROTSKY
650 0 4 _aSOCIALIST REPUBLICS
942 _2ddc
_cBK
999 _c24448
_d24448